000 01041nas a2200337 4500
001 BR2010005744
003 BR-BrBNA
005 20231205114747.0
007 ta
008 230509b bl.|||p| |||| 00| 00por d
040 _aBR-BrBNA
_bpor
_cBiblioteca Nacional de Agricultura
041 _a(Pt)
072 _aL70; L73
100 1 _aKitamura, S.S.
100 1 _aAntonelli, A.C.
100 1 _aMaruta, C.A.
100 1 _aSucupira, M.C.A.
100 1 _aMori, C.S.
100 1 _aYonezawa, L.A.
100 1 _aMichima, L.E. dos S.
100 1 _aSoares, P.C.
100 1 _aOrtolani, E.L.
245 1 _aAvaliação laboratorial do uso de solução salina hipertônica e isotônica e de furosemida no tratamento da intoxicação por amônia em bovinos
650 _aBOVINO
650 _aVETERINÁRIA
650 _aINTOXICAÇÃO
650 _aAMÔNIA
773 0 _tCiência Rural (Brazil)
_xISSN 0103-8478
_g(Aug 2010), v. 40(8) p. 1779-1785
_wBR2010005744
909 _a202311
_bLúcia
_c55
_dLúcia Elande
942 _2AGRIS
_n0
_cANA
999 _c210341
_d210341